Penser politiquement le monde : (Record no. 126511)
[ view plain ]
| 000 -LEADER | |
|---|---|
| campo de control de longitud fija | 01955nam a22002177a 4500 |
| 003 - IDENTIFICADOR DE NÚMERO DE CONTROL | |
| campo de control | BJBSDDR |
| 005 - FECHA Y HORA DE LA ÚLTIMA TRANSACCIÓN | |
| campo de control | 20260303155132.0 |
| 007 - CAMPO FIJO DE DESCRIPCIÓN FÍSICA--INFORMACIÓN GENERAL | |
| campo de control de longitud fija | ta |
| 008 - DATOS DE LONGITUD FIJA--INFORMACIÓN GENERAL | |
| campo de control de longitud fija | 260303s2023 fr ||||| |||| 00| 0 fre d |
| 020 ## - NÚMERO INTERNACIONAL ESTÁNDAR DEL LIBRO | |
| Número Internacional Estándar del Libro | 9791023107883 |
| 040 ## - FUENTE DE CATALOGACIÓN | |
| Lengua de catalogación | spa |
| Centro/agencia transcriptor | BJBSDDR |
| 041 ## - CÓDIGO DE IDIOMA | |
| Código de lengua del texto/banda sonora o título independiente | fre |
| 050 ## - SIGNATURA TOPOGRÁFICA DE LA BIBLIOTECA DEL CONGRESO | |
| Número de ítem | C617 2024 |
| 100 1# - ENTRADA PRINCIPAL--NOMBRE DE PERSONA | |
| Nombre de persona | Claval, Paul, |
| Fechas asociadas al nombre | 1932- |
| 9 (RLIN) | 35118 |
| 245 10 - MENCIÓN DEL TÍTULO | |
| Título | Penser politiquement le monde : |
| Resto del título | essai sur les configurations spatiales du pouvoir / |
| Mención de responsabilidad, etc. | Paul Claval |
| 260 ## - PUBLICACIÓN, DISTRIBUCIÓN, ETC. | |
| Lugar de publicación, distribución, etc. | Paris : |
| Nombre del editor, distribuidor, etc. | Sorbonne Université Presses, |
| Fecha de publicación, distribución, etc. | 2024 |
| 300 ## - DESCRIPCIÓN FÍSICA | |
| Extensión | 357 pages ; |
| Dimensiones | 24 cm |
| 520 ## - RESUMEN, ETC. | |
| Sumario, etc. | Où peut-on se tourner pour comprendre un monde où les tensions internationales se multiplient et où le populisme ronge les plus solides démocraties? Les travaux de géopolitique critique ne seront d'aucun secours. Conçus pour dénoncer les hypocrisies des démocraties libérales d'il y a quarante ou cinquante ans, ils sont désarmés face à la montée de la violence et des fake news. Pour éclairer un monde secoué de tensions et où les haines se propagent de plus en plus, il faut retourner aux fondements de l'analyse politique, à la diversité des formes que prend le pouvoir, à la manière dont il est affecté par l'éloignement et à ce qui lui permet de rassembler les hommes. Qu'est-ce qui faisait la puissance de l'État westphalien et de son système international de négociations paritaires? Qu'est-ce qui les mine aujourd'hui et incite un nombre croissant de pays à recourir à la force brutale, plutôt qu'à la négociation et à l'échange? Dans le déclenchement des conflits actuels, quelle est la part des arsenaux nucléaires, des formes nouvelles de la guerre et des systèmes idéologiques ou religieux figés? Aboutissement d'une réflexion entamée en 1978 dans Espace et Pouvoir, cet essai s'appuie sur les fondamentaux de l'analyse politique pour offrir une interprétation lucide des drames du monde actuel. |
| 942 ## - ELEMENTOS DE ENTRADA SECUNDARIOS (KOHA) | |
| Fuente del sistema de clasificación o colocación | Clasificación de Library of Congress |
| Suprimir en OPAC | No |
| Tipo de ítem Koha | Libro |
| 946 ## - PROCESAMIENTO DE INFORMACIÓN LOCAL (OCLC) | |
| Iniciales del agente catalogador | cmc |
| Estatus retirado | Estado de pérdida | Fuente del sistema de clasificación o colocación | Estado de daño | No para préstamo | Colección | Biblioteca de origen | Biblioteca actual | Ubicación en estantería | Fecha de adquisición | Signatura topográfica completa | Código de barras | Visto por última vez | Copia número | Tipo de ítem Koha |
|---|---|---|---|---|---|---|---|---|---|---|---|---|---|---|
| Clasificación de Library of Congress | Automatización y Procesos Técnicos | Biblioteca Juan Bosch | Biblioteca Juan Bosch | Automatización y Procesos Técnicos (1er. Piso) | 03/03/2026 | C617 2024 | 00000198784 | 03/03/2026 | 1 | Libro |
